000
00332 a2200133 4500
999
_c
12433
_d
12433
003
OSt
005
20240116150047.0
008
240116b ||||| |||| 00| 0 eng d
020
_a
9780140154603
100
_a
Bhatia, Gautam,
_d
1952-;
245
_a
Laurie Baker, life, work, writings
260
_b
Penguin India
_c
2000
942
_2
ddc